000 00304nam a2200133Ia 4500
100 _aDhake A.M.
650 _aElectrical Engineering
942 _cBK
654 _atelevision
245 _aTelevision & Video engineering
260 _bTata Mc Graw hill
_aNew Delhi
300 _a640
546 _aENGLISH
999 _c32469
_d32469